[Event "12. Obert Int. Sant Marti 2010 - B"]
[Site "Barcelona ESP"]
[Date "2010.07.14"]
[Round "2.11"]
[White "Reyes Jimenez, Alex"]
[Black "Felipo Pages, Danilo"]
[Result "1-0"]
[WhiteElo "1904"]
[BlackElo "1764"]
[PlyCount "89"]
[EventDate "2010.07.13"]
[EventType "swiss"]
[EventRounds "9"]
[EventCountry "ESP"]
[SourceTitle "Ajedrez en Madrid"]
[Source "lmi"]
[SourceDate "2010.07.13"]
[SourceVersion "1"]
[SourceVersionDate "2019.06.18"]
[SourceQuality "1"]

1. e4 c6 2. d4 d5 3. Nc3 dxe4 4. Nxe4 Bf5 5. Ng3 Bg6 6. h4 h5 7. Nf3 Nd7 8. Bd3
Bxd3 9. Qxd3 e6 10. O-O Ngf6 11. Bg5 Be7 12. Rfe1 O-O 13. Rad1 Qc7 14. Nf5 Rfe8
15. Nxe7+ Rxe7 16. Ne5 Ree8 17. Nxd7 Nxd7 18. Qf3 Nf8 19. Qxh5 Nh7 20. Bc1 Rad8
21. c3 Rd5 22. Qf3 g6 23. Bf4 Qe7 24. g3 Rf5 25. Re5 Qf6 26. Rde1 Rd8 27. Qg4
Rd5 28. Rxd5 Rxd5 29. Re5 Qd8 30. Qf3 Qd7 31. Rxd5 exd5 32. Be5 Qe6 33. Qe3 f6
34. Bb8 Qxe3 35. fxe3 a6 36. Kf2 f5 37. Be5 Nf8 38. Kf3 Kf7 39. g4 Ke6 40. Kf4
a5 41. gxf5+ gxf5 42. Kg5 a4 43. h5 b6 44. Bg7 Nd7 45. Kg6 1-0

[Event "12. Obert Int. Sant Marti 2010 - B"]
[Site "Barcelona ESP"]
[Date "2010.07.14"]
[Round "2.12"]
[White "Agostinho, Tito André Quiela"]
[Black "Roche Peris, Eduard"]
[Result "1-0"]
[WhiteElo "2000"]
[BlackElo "1901"]
[PlyCount "81"]
[EventDate "2010.07.13"]
[EventType "swiss"]
[EventRounds "9"]
[EventCountry "ESP"]
[SourceTitle "Ajedrez en Madrid"]
[Source "lmi"]
[SourceDate "2010.07.13"]
[SourceVersion "1"]
[SourceVersionDate "2019.06.18"]
[SourceQuality "1"]

1. d4 d5 2. Nf3 Nf6 3. c4 e6 4. Nc3 Be7 5. e3 O-O 6. Bd3 dxc4 7. Bxc4 c5 8. O-O
b6 9. Qe2 Bb7 10. Rd1 Qc8 11. e4 cxd4 12. Nxd4 Nc6 13. Nf3 Na5 14. Bd3 Rd8 15.
Bg5 h6 16. Bh4 Qc7 17. Bg3 Qc5 18. Rac1 Qh5 19. Ba6 Rac8 20. Bxb7 Nxb7 21. Qa6
Nc5 22. Qxa7 Rd7 23. Rxd7 Nfxd7 24. Rd1 Bf6 25. Rxd7 Bxc3 26. bxc3 Nxd7 27.
Qxd7 Rxc3 28. h3 Rc1+ 29. Kh2 Rc5 30. Qd8+ Kh7 31. Qxb6 Ra5 32. e5 Rd5 33. a4
Qf5 34. Qc7 Kg8 35. h4 Qb1 36. Qc8+ Kh7 37. Qf8 Rd1 38. Bf4 Rh1+ 39. Kg3 Qg6+
40. Bg5 hxg5 41. Nxg5+ 1-0

[Event "12. Obert Int. Sant Marti 2010 - B"]
[Site "Barcelona ESP"]
[Date "2010.07.15"]
[Round "3.1"]
[White "Sanchez Sanchez, Ignasi"]
[Black "Serra Vilaro, Agustin"]
[Result "1/2-1/2"]
[WhiteElo "1986"]
[BlackElo "1877"]
[PlyCount "63"]
[EventDate "2010.07.13"]
[EventType "swiss"]
[EventRounds "9"]
[EventCountry "ESP"]
[SourceTitle "Ajedrez en Madrid"]
[Source "lmi"]
[SourceDate "2010.07.13"]
[SourceVersion "1"]
[SourceVersionDate "2019.06.18"]
[SourceQuality "1"]

1. d4 e6 2. c4 f5 3. Nf3 Nf6 4. g3 d5 5. Bg2 c6 6. O-O Bd6 7. b3 Nbd7 8. Ba3
Qe7 9. Bxd6 Qxd6 10. Nc3 O-O 11. e3 a6 12. Na4 b5 13. Nb2 Bb7 14. c5 Qe7 15.
Nd3 a5 16. a3 h6 17. Nfe5 Nxe5 18. Nxe5 Kh7 19. Qd2 Nd7 20. Nxd7 Qxd7 21. f4 a4
22. b4 Rg8 23. Kf2 g6 24. Ke2 Qf7 25. Kd3 Bc8 26. Rh1 Kg7 27. Rag1 Kf8 28. Bf3
Bd7 29. h3 Ke7 30. g4 Raf8 31. g5 h5 32. h4 1/2-1/2

[Event "12. Obert Int. Sant Marti 2010 - B"]
[Site "Barcelona ESP"]
[Date "2010.07.15"]
[Round "3.3"]
[White "Ruiz Planas, Adelito"]
[Black "Diaz Nieto, Alberto"]
[Result "0-1"]
[WhiteElo "1847"]
[BlackElo "1957"]
[PlyCount "64"]
[EventDate "2010.07.13"]
[EventType "swiss"]
[EventRounds "9"]
[EventCountry "ESP"]
[SourceTitle "Ajedrez en Madrid"]
[Source "lmi"]
[SourceDate "2010.07.13"]
[SourceVersion "1"]
[SourceVersionDate "2019.06.18"]
[SourceQuality "1"]

1. e4 d5 2. exd5 Qxd5 3. d4 Nf6 4. c4 Qa5+ 5. Nc3 Ne4 6. Qa4+ Qxa4 7. Nxa4 Nc6
8. Bd3 Bf5 9. Nf3 Nd6 10. Bxf5 Nxf5 11. Be3 g6 12. g4 Nxe3 13. fxe3 Nb4 14. Kd2
Bg7 15. a3 Nc6 16. Kc2 a5 17. Rad1 O-O 18. Nc5 b6 19. Nd3 a4 20. Nf4 Na5 21.
Nd2 c5 22. d5 b5 23. cxb5 Rab8 24. Rb1 Rxb5 25. b3 axb3+ 26. Nxb3 Nc4 27. a4
Rb4 28. Kd3 Na3 29. a5 c4+ 30. Ke2 cxb3 31. Nd3 Nxb1 32. Nxb4 Nc3+ 0-1

[Event "12. Obert Int. Sant Marti 2010 - B"]
[Site "Barcelona ESP"]
[Date "2010.07.15"]
[Round "3.4"]
[White "Perez Vizcaino, Joan Manel"]
[Black "Porras Dalmau, Daniel"]
[Result "1/2-1/2"]
[WhiteElo "1835"]
[BlackElo "1951"]
[PlyCount "51"]
[EventDate "2010.07.13"]
[EventType "swiss"]
[EventRounds "9"]
[EventCountry "ESP"]
[SourceTitle "Ajedrez en Madrid"]
[Source "lmi"]
[SourceDate "2010.07.13"]
[SourceVersion "1"]
[SourceVersionDate "2019.06.18"]
[SourceQuality "1"]

1. e4 e6 2. d4 d5 3. exd5 exd5 4. Bd3 Bd6 5. Nf3 Ne7 6. Bg5 f6 7. Bh4 Bf5 8.
Nc3 c6 9. O-O O-O 10. Re1 Bxd3 11. Qxd3 Qd7 12. Bg3 Nf5 13. Bxd6 Nxd6 14. Re2
Na6 15. a3 Nc7 16. Rae1 Rfe8 17. Rxe8+ Rxe8 18. Rxe8+ Qxe8 19. b3 Qe7 20. Kf1
Ne4 21. a4 Nd6 22. g3 Qd7 23. Kg2 Nf5 24. Qd2 Kf7 25. Ne2 Nd6 26. Nc3 1/2-1/2

[Event "12. Obert Int. Sant Marti 2010 - B"]
[Site "Barcelona ESP"]
[Date "2010.07.15"]
[Round "3.5"]
[White "Riekenbrauk, Joerg"]
[Black "Cabello Cabello, Jaime"]
[Result "1-0"]
[WhiteElo "1946"]
[BlackElo "1844"]
[PlyCount "39"]
[EventDate "2010.07.13"]
[EventType "swiss"]
[EventRounds "9"]
[EventCountry "ESP"]
[SourceTitle "Ajedrez en Madrid"]
[Source "lmi"]
[SourceDate "2010.07.13"]
[SourceVersion "1"]
[SourceVersionDate "2019.06.18"]
[SourceQuality "1"]

1. e4 c5 2. d4 cxd4 3. c3 g6 4. Nf3 Bg7 5. cxd4 d5 6. e5 Nc6 7. Qb3 f6 8. Bf4
Nh6 9. exf6 exf6 10. Nc3 Nf5 11. Qxd5 Qe7+ 12. Qe4 Qxe4+ 13. Nxe4 Nfxd4 14.
Nxd4 Nxd4 15. O-O-O f5 16. Nd6+ Ke7 17. Bc4 Rd8 18. Rhe1+ Kf8 19. Nb5 Bf6 20.
Bh6+ 1-0

[Event "12. Obert Int. Sant Marti 2010 - B"]
[Site "Barcelona ESP"]
[Date "2010.07.15"]
[Round "3.6"]
[White "Poyato Ruiz, Fernando"]
[Black "Castrillo Mansego, Pablo"]
[Result "1/2-1/2"]
[WhiteElo "1754"]
[BlackElo "1945"]
[PlyCount "150"]
[EventDate "2010.07.13"]
[EventType "swiss"]
[EventRounds "9"]
[EventCountry "ESP"]
[SourceTitle "Ajedrez en Madrid"]
[Source "lmi"]
[SourceDate "2010.07.13"]
[SourceVersion "1"]
[SourceVersionDate "2019.06.18"]
[SourceQuality "1"]

1. d4 e6 2. c4 d5 3. Nc3 Nf6 4. Nf3 c6 5. Bg5 Be7 6. e3 Nbd7 7. Bd3 dxc4 8.
Bxc4 Nd5 9. Bxe7 Qxe7 10. a3 Nxc3 11. bxc3 b6 12. O-O Bb7 13. Qe2 Rd8 14. Rfc1
O-O 15. Bd3 e5 16. Bb1 e4 17. Nd2 f5 18. a4 c5 19. a5 f4 20. exf4 Rxf4 21. g3
Rff8 22. Bxe4 Bxe4 23. Qxe4 Qf7 24. f4 Nf6 25. Qd3 cxd4 26. cxd4 Qd7 27. Nf3
Rfe8 28. axb6 axb6 29. Qc4+ Kh8 30. Re1 Ne4 31. Rad1 Rc8 32. Ne5 Qa7 33. Nf7+
Kg8 34. Nh6+ Kh8 35. Rxe4 gxh6 36. Rxe8+ Rxe8 37. d5 Re1+ 38. Kf2 Rxd1 39. Qc8+
Kg7 40. Qg4+ Kf7 41. Qxd1 b5+ 42. Kf3 Qa3+ 43. Ke4 b4 44. Qh5+ Kg7 45. Qe5+ Kg8
46. Qe6+ Kh8 47. Qe8+ Kg7 48. Qe7+ Kg8 49. d6 b3 50. Qe6+ Kg7 51. Qe5+ Kf7 52.
Qd5+ Kg7 53. d7 Qb4+ 54. Kd3 b2 55. Qe5+ Kf7 56. Qxb2 Qxb2 57. d8=Q Qxh2 58.
Qd5+ Ke7 59. Qe5+ Kd8 60. f5 Qh5 61. Qd6+ Ke8 62. Qe5+ Kf7 63. Qe6+ Kf8 64. f6
Qf3+ 65. Kd4 Qd1+ 66. Kc5 Qc2+ 67. Kd6 Qd3+ 68. Kc6 Qa6+ 69. Kd5 Qa2+ 70. Ke5
Qe2+ 71. Kf5 Qf3+ 72. Ke5 Qxg3+ 73. Kd5 Qf3+ 74. Kd6 Qd1+ 75. Ke5 Qe1+ 1/2-1/2

[Event "12. Obert Int. Sant Marti 2010 - B"]
[Site "Barcelona ESP"]
[Date "2010.07.15"]
[Round "3.7"]
[White "Marina De La Torre, Ivan"]
[Black "Gonzalez Garcia, Sergi"]
[Result "1-0"]
[WhiteElo "1944"]
[BlackElo "1837"]
[PlyCount "41"]
[EventDate "2010.07.13"]
[EventType "swiss"]
[EventRounds "9"]
[EventCountry "ESP"]
[SourceTitle "Ajedrez en Madrid"]
[Source "lmi"]
[SourceDate "2010.07.13"]
[SourceVersion "1"]
[SourceVersionDate "2019.06.18"]
[SourceQuality "1"]

1. d4 d6 2. e4 Nf6 3. Bd3 g6 4. Nc3 Bg7 5. Nf3 Nbd7 6. h3 c6 7. Be3 O-O 8. Qd2
e5 9. Bh6 Nh5 10. g4 Nhf6 11. O-O-O exd4 12. Nxd4 Ne5 13. Be2 b5 14. Rdg1 Bb7
15. Nf5 b4 16. Bxg7 bxc3 17. Qh6 cxb2+ 18. Kb1 a5 19. Bxf6 Qxf6 20. g5 Qh8 21.
Ne7# 1-0

[Event "12. Obert Int. Sant Marti 2010 - B"]
[Site "Barcelona ESP"]
[Date "2010.07.15"]
[Round "3.8"]
[White "Flores Linan, Josep Luis"]
[Black "Agostinho, Tito André Quiela"]
[Result "0-1"]
[WhiteElo "1912"]
[BlackElo "2000"]
[PlyCount "70"]
[EventDate "2010.07.13"]
[EventType "swiss"]
[EventRounds "9"]
[EventCountry "ESP"]
[SourceTitle "Ajedrez en Madrid"]
[Source "lmi"]
[SourceDate "2010.07.13"]
[SourceVersion "1"]
[SourceVersionDate "2019.06.18"]
[SourceQuality "1"]

1. d4 d5 2. c4 c6 3. Nc3 Nf6 4. Nf3 a6 5. e3 b5 6. cxd5 cxd5 7. Bd3 Nbd7 8. O-O
e6 9. Bd2 Bb7 10. Rc1 Bd6 11. Qe2 Ne4 12. Rfd1 O-O 13. Be1 f5 14. Nd2 Qh4 15.
Nf1 Qh6 16. f3 Rf6 17. f4 Nf8 18. Rc2 g5 19. g3 Rg6 20. Bxe4 fxe4 21. Kh1 Re8
22. Rdd2 Re7 23. Nd1 Bb4 24. Nc3 Ba5 25. a3 b4 26. axb4 Bxb4 27. Rd1 a5 28. Na4
Rf7 29. Bxb4 axb4 30. Nc5 Bc8 31. Ra1 gxf4 32. exf4 e5 33. fxe5 Bg4 34. Qe3
Bf3+ 35. Kg1 Rxg3+ 0-1

[Event "12. Obert Int. Sant Marti 2010 - B"]
[Site "Barcelona ESP"]
[Date "2010.07.15"]
[Round "3.9"]
[White "Calafell Marques, Josep"]
[Black "Reyes Jimenez, Alex"]
[Result "0-1"]
[WhiteElo "1642"]
[BlackElo "1904"]
[PlyCount "111"]
[EventDate "2010.07.13"]
[EventType "swiss"]
[EventRounds "9"]
[EventCountry "ESP"]
[SourceTitle "Ajedrez en Madrid"]
[Source "lmi"]
[SourceDate "2010.07.13"]
[SourceVersion "1"]
[SourceVersionDate "2019.06.18"]
[SourceQuality "1"]

1. e4 e5 2. Nf3 Nc6 3. Bb5 a6 4. Ba4 Nf6 5. O-O Nxe4 6. Bxc6 dxc6 7. Re1 Nc5 8.
Rxe5+ Ne6 9. Ng5 Bd6 10. Qh5 Qf6 11. Re2 h6 12. Ne4 Qd4 13. c3 Qd3 14. Re3 Qb5
15. Qxb5 axb5 16. Nxd6+ cxd6 17. d4 O-O 18. Rg3 Kh7 19. Nd2 Nf4 20. Kf1 Be6 21.
Rf3 Ng6 22. a3 Rae8 23. a4 Bg4 24. Re3 Rxe3 25. fxe3 Ra8 26. h3 Be6 27. a5 f5
28. Kf2 Bd5 29. b3 Be4 30. Bb2 d5 31. c4 bxc4 32. bxc4 Ra6 33. Bc3 b6 34. axb6
Rxb6 35. c5 Rb7 36. Ra6 Rc7 37. Ke2 Bxg2 38. Nf3 Bxf3+ 39. Kxf3 Nh4+ 40. Kf2 g5
41. Ba5 Rc8 42. Ra7+ Kg6 43. Rd7 Kh5 44. Bc7 Ng6 45. Bg3 g4 46. hxg4+ fxg4 47.
Rf7 Rf8 48. Rxf8 Nxf8 49. Kg2 Ne6 50. Bd6 Kg5 51. Kg3 Kf5 52. Kh4 Ke4 53. Kxg4
Kxe3 54. Kh5 Kxd4 55. Kxh6 Nxc5 56. Kg5 0-1

[Event "12. Obert Int. Sant Marti 2010 - B"]
[Site "Barcelona ESP"]
[Date "2010.07.15"]
[Round "3.11"]
[White "Gomez Guinovart, Josep Manel"]
[Black "Amor Alcaide, Manuel"]
[Result "1-0"]
[WhiteElo "1748"]
[BlackElo "1978"]
[PlyCount "95"]
[EventDate "2010.07.13"]
[EventType "swiss"]
[EventRounds "9"]
[EventCountry "ESP"]
[SourceTitle "Ajedrez en Madrid"]
[Source "lmi"]
[SourceDate "2010.07.13"]
[SourceVersion "1"]
[SourceVersionDate "2019.06.18"]
[SourceQuality "1"]

1. d4 d6 2. Bf4 Nf6 3. h3 c6 4. Nf3 Qb6 5. b3 Nd5 6. Bg3 g6 7. c4 Nf6 8. e3 Ne4
9. Bf4 Bg7 10. Bd3 Qa5+ 11. Nbd2 Bf5 12. Qc2 Nxd2 13. Nxd2 Bxd3 14. Qxd3 Nd7
15. O-O O-O 16. Nf3 Rad8 17. Qe2 c5 18. Rad1 Rfe8 19. d5 Qa3 20. Rd2 a6 21. e4
Qb4 22. Rd3 b5 23. Bd2 Qa3 24. Bc1 Qa5 25. Qc2 Rc8 26. Bd2 Qb6 27. Bc3 Rc7 28.
Bxg7 Kxg7 29. Rc1 Rec8 30. Qc3+ f6 31. Ng5 bxc4 32. Ne6+ Kg8 33. Qd2 Nf8 34.
Nxf8 Rxf8 35. Rxc4 Kg7 36. h4 Re8 37. f4 e6 38. dxe6 Rxe6 39. f5 Ree7 40. Rxd6
Qa7 41. h5 Re5 42. h6+ Kf7 43. Rd8 gxf5 44. Rh8 Ke6 45. Re8+ Kf7 46. Rxe5 fxe5
47. Qd5+ Kf6 48. exf5 1-0

[Event "12. Obert Int. Sant Marti 2010 - B"]
[Site "Barcelona ESP"]
[Date "2010.07.16"]
[Round "4.1"]
[White "Reyes Jimenez, Alex"]
[Black "Pariente Lopez, Eduard"]
[Result "1-0"]
[WhiteElo "1904"]
[BlackElo "1965"]
[PlyCount "93"]
[EventDate "2010.07.13"]
[EventType "swiss"]
[EventRounds "9"]
[EventCountry "ESP"]
[SourceTitle "Ajedrez en Madrid"]
[Source "lmi"]
[SourceDate "2010.07.13"]
[SourceVersion "1"]
[SourceVersionDate "2019.06.18"]
[SourceQuality "1"]

1. e4 e6 2. d4 d5 3. exd5 exd5 4. Nf3 Bd6 5. Bd3 Ne7 6. h3 O-O 7. O-O Bf5 8.
Bg5 Bxd3 9. Qxd3 c6 10. Re1 f6 11. Bd2 Nd7 12. Nc3 Qc7 13. Re2 Ng6 14. Qf5 Rfe8
15. Rae1 Rxe2 16. Rxe2 Ndf8 17. h4 Kf7 18. g4 Qd7 19. Qxd7+ Nxd7 20. g5 Nf4 21.
Bxf4 Bxf4 22. Kg2 Re8 23. Rxe8 Kxe8 24. Kh3 Kf7 25. Kg4 Bc1 26. b3 h5+ 27. Kxh5
g6+ 28. Kg4 f5+ 29. Kg3 Ke6 30. Ne2 Bb2 31. Nf4+ Kf7 32. Nd3 Bc3 33. Kf4 Ke6
34. Ke3 Kf7 35. Nde5+ Nxe5 36. Nxe5+ Kg7 37. Nd3 b6 38. a4 Kh7 39. Ne5 c5 40.
Nc6 a6 41. dxc5 bxc5 42. Ne7 d4+ 43. Kd3 Be1 44. Ke2 Bc3 45. Nd5 Ba5 46. Nf4
Bc3 47. Nd3 1-0

[Event "12. Obert Int. Sant Marti 2010 - B"]
[Site "Barcelona ESP"]
[Date "2010.07.16"]
[Round "4.2"]
[White "Diaz Nieto, Alberto"]
[Black "Marina De La Torre, Ivan"]
[Result "0-1"]
[WhiteElo "1957"]
[BlackElo "1944"]
[PlyCount "64"]
[EventDate "2010.07.13"]
[EventType "swiss"]
[EventRounds "9"]
[EventCountry "ESP"]
[SourceTitle "Ajedrez en Madrid"]
[Source "lmi"]
[SourceDate "2010.07.13"]
[SourceVersion "1"]
[SourceVersionDate "2019.06.18"]
[SourceQuality "1"]

1. d4 Nf6 2. c4 c5 3. d5 b5 4. Qc2 d6 5. e4 g6 6. f4 Bg7 7. Nf3 O-O 8. Bd3 bxc4
9. Bxc4 Ba6 10. O-O Bxc4 11. Qxc4 Nbd7 12. Nc3 Rb8 13. Qe2 Nb6 14. h3 Qd7 15.
Be3 Na4 16. Qc2 Nb6 17. Qe2 Rb7 18. Rab1 Rfb8 19. Rfd1 Na4 20. Qc2 Nxb2 21. Re1
Nc4 22. Rb3 Nxe3 23. Rxe3 Rxb3 24. axb3 Qb7 25. Ne2 Qb6 26. Qc4 Qb4 27. Qd3 Qb7
28. f5 Bh6 29. Nd2 Qb4 30. fxg6 hxg6 31. Nc3 Bxe3+ 32. Qxe3 Qd4 0-1

[Event "12. Obert Int. Sant Marti 2010 - B"]
[Site "Barcelona ESP"]
[Date "2010.07.16"]
[Round "4.3"]
[White "Santolaria Pena, M.."]
[Black "Riekenbrauk, Joerg"]
[Result "0-1"]
[WhiteElo "1893"]
[BlackElo "1946"]
[PlyCount "72"]
[EventDate "2010.07.13"]
[EventType "swiss"]
[EventRounds "9"]
[EventCountry "ESP"]
[SourceTitle "Ajedrez en Madrid"]
[Source "lmi"]
[SourceDate "2010.07.13"]
[SourceVersion "1"]
[SourceVersionDate "2019.06.18"]
[SourceQuality "1"]

1. d4 f5 2. g3 g6 3. Bg2 Nf6 4. Bg5 Bg7 5. Nc3 O-O 6. Qd2 d6 7. O-O-O Qe8 8. h4
Ng4 9. e4 h6 10. f3 Nf2 11. Qxf2 hxg5 12. hxg5 fxe4 13. Nxe4 Bf5 14. Qd2 Nc6
15. Ne2 Qf7 16. Kb1 a5 17. f4 Nb4 18. N2c3 d5 19. a3 dxe4 20. axb4 axb4 21. b3
bxc3 22. Qxc3 c6 23. Qe3 Qd5 24. c4 Qa5 25. Bxe4 Bxe4+ 26. Qxe4 Qf5 27. Rhe1
Qxe4+ 28. Rxe4 Kf7 29. Kc2 Ra2+ 30. Kd3 Rg2 31. Re3 Bxd4 32. Rxe7+ Kxe7 33.
Re1+ Kd6 34. Kxd4 c5+ 35. Kc3 Rxg3+ 36. Kb2 Rxf4 0-1

[Event "12. Obert Int. Sant Marti 2010 - B"]
[Site "Barcelona ESP"]
[Date "2010.07.16"]
[Round "4.4"]
[White "Agostinho, Tito André Quiela"]
[Black "Sanchez Sanchez, Ignasi"]
[Result "1-0"]
[WhiteElo "2000"]
[BlackElo "1986"]
[PlyCount "47"]
[EventDate "2010.07.13"]
[EventType "swiss"]
[EventRounds "9"]
[EventCountry "ESP"]
[SourceTitle "Ajedrez en Madrid"]
[Source "lmi"]
[SourceDate "2010.07.13"]
[SourceVersion "1"]
[SourceVersionDate "2019.06.18"]
[SourceQuality "1"]

1. d4 d5 2. Nf3 Nf6 3. c4 dxc4 4. Nc3 c5 5. e3 cxd4 6. exd4 Be6 7. Ne5 Nbd7 8.
Nxc4 Bxc4 9. Bxc4 e6 10. O-O Rc8 11. Bb3 Nb6 12. Bg5 Be7 13. Qf3 Qc7 14. Bxf6
Bxf6 15. d5 O-O 16. dxe6 fxe6 17. Qh3 Nc4 18. Rad1 Qc6 19. Ba4 Qa6 20. Bd7 Rc7
21. Bxe6+ Kh8 22. Nd5 Rc5 23. Nxf6 gxf6 24. Qh6 1-0

[Event "12. Obert Int. Sant Marti 2010 - B"]
[Site "Barcelona ESP"]
[Date "2010.07.16"]
[Round "4.5"]
[White "Serra Vilaro, Agustin"]
[Black "Navarro Coloma, Antonio"]
[Result "1-0"]
[WhiteElo "1877"]
[BlackElo "1954"]
[PlyCount "89"]
[EventDate "2010.07.13"]
[EventType "swiss"]
[EventRounds "9"]
[EventCountry "ESP"]
[SourceTitle "Ajedrez en Madrid"]
[Source "lmi"]
[SourceDate "2010.07.13"]
[SourceVersion "1"]
[SourceVersionDate "2019.06.18"]
[SourceQuality "1"]

1. d4 e6 2. c3 d5 3. Nd2 Nf6 4. e3 Nbd7 5. f4 b6 6. Bd3 c5 7. Ngf3 a5 8. Qe2
Bb7 9. O-O cxd4 10. exd4 Bd6 11. Ne5 Qc7 12. Ndf3 Nb8 13. Bd2 Ba6 14. Bxa6 Nxa6
15. Qb5+ Ke7 16. Ng5 Ne4 17. Nxe4 dxe4 18. Be3 Nb8 19. Nc4 Nd7 20. Nxd6 Qxd6
21. Qg5+ Kf8 22. f5 h6 23. Qh4 exf5 24. Rxf5 g6 25. Rf2 Kg7 26. Qxe4 Rhe8 27.
Qf3 Re7 28. Re1 Rae8 29. Rfe2 Nf6 30. Bf4 Qd7 31. Be5 Re6 32. Rf1 Kg8 33. Ref2
Nh7 34. Qxf7+ Qxf7 35. Rxf7 R8e7 36. Rxe7 Rxe7 37. h4 Re6 38. Kh2 g5 39. g3 Re8
40. Kh3 h5 41. Rf5 g4+ 42. Kg2 Re7 43. Rxh5 Rf7 44. Bf4 Nf6 45. Rf5 1-0

[Event "12. Obert Int. Sant Marti 2010 - B"]
[Site "Barcelona ESP"]
[Date "2010.07.16"]
[Round "4.6"]
[White "Porras Dalmau, Daniel"]
[Black "Corrales Adamuz, Cristian"]
[Result "1/2-1/2"]
[WhiteElo "1951"]
[BlackElo "1820"]
[PlyCount "84"]
[EventDate "2010.07.13"]
[EventType "swiss"]
[EventRounds "9"]
[EventCountry "ESP"]
[SourceTitle "Ajedrez en Madrid"]
[Source "lmi"]
[SourceDate "2010.07.13"]
[SourceVersion "1"]
[SourceVersionDate "2019.06.18"]
[SourceQuality "1"]

1. d4 d5 2. c4 e6 3. Nc3 Nf6 4. Bg5 Nbd7 5. Nf3 Bb4 6. e3 Bxc3+ 7. bxc3 O-O 8.
cxd5 exd5 9. Bd3 c5 10. O-O h6 11. Bh4 Qc7 12. Rc1 c4 13. Bb1 Re8 14. Nd2 b5
15. Re1 Bb7 16. f3 Qb6 17. e4 a5 18. e5 Nxe5 19. Kh1 Ng6 20. Bg3 Rxe1+ 21. Bxe1
Re8 22. Nf1 Bc8 23. Ng3 Be6 24. Bd2 Rb8 25. Qe1 b4 26. cxb4 axb4 27. Bxg6 fxg6
28. Bxb4 Qxb4 29. Qxe6+ Kh7 30. Qe2 Qb2 31. Qxb2 Rxb2 32. a4 Ra2 33. Kg1 Rxa4
34. Ne2 Kg8 35. Nc3 Ra5 36. Kf2 Kf7 37. g4 g5 38. Kg3 Ra6 39. f4 Re6 40. fxg5
hxg5 41. Kf3 Kg6 42. h3 Rb6 1/2-1/2

[Event "12. Obert Int. Sant Marti 2010 - B"]
[Site "Barcelona ESP"]
[Date "2010.07.16"]
[Round "4.7"]
[White "Castrillo Mansego, Pablo"]
[Black "Gomez Guinovart, Josep Manel"]
[Result "1-0"]
[WhiteElo "1945"]
[BlackElo "1748"]
[PlyCount "39"]
[EventDate "2010.07.13"]
[EventType "swiss"]
[EventRounds "9"]
[EventCountry "ESP"]
[SourceTitle "Ajedrez en Madrid"]
[Source "lmi"]
[SourceDate "2010.07.13"]
[SourceVersion "1"]
[SourceVersionDate "2019.06.18"]
[SourceQuality "1"]

1. e4 e6 2. d4 d5 3. Nc3 Nf6 4. e5 Nfd7 5. Nf3 c5 6. Be3 cxd4 7. Qxd4 Nc6 8.
Qf4 a6 9. O-O-O Qc7 10. Rxd5 exd5 11. Nxd5 Qb8 12. Bc4 Ncxe5 13. Re1 Bd6 14.
Bd4 O-O 15. Nxe5 Nxe5 16. Rxe5 b5 17. Nf6+ Kh8 18. Qh4 h6 19. Rh5 Bf5 20. Rxh6+
1-0

[Event "12. Obert Int. Sant Marti 2010 - B"]
[Site "Barcelona ESP"]
[Date "2010.07.16"]
[Round "4.8"]
[White "Benet Saniger, Xavier"]
[Black "Perez Vizcaino, Joan Manel"]
[Result "0-1"]
[WhiteElo "1727"]
[BlackElo "1835"]
[PlyCount "108"]
[EventDate "2010.07.13"]
[EventType "swiss"]
[EventRounds "9"]
[EventCountry "ESP"]
[SourceTitle "Ajedrez en Madrid"]
[Source "lmi"]
[SourceDate "2010.07.13"]
[SourceVersion "1"]
[SourceVersionDate "2019.06.18"]
[SourceQuality "1"]

1. Nf3 Nf6 2. d4 d5 3. c4 c6 4. Nc3 Bf5 5. Qb3 Qb6 6. Qxb6 axb6 7. cxd5 Nxd5 8.
Nxd5 cxd5 9. e3 e6 10. Bb5+ Nc6 11. Ne5 Rc8 12. Bd2 f6 13. Nd3 Bxd3 14. Bxd3
Nb4 15. Bb5+ Kf7 16. Ke2 Bd6 17. a3 Nc6 18. b4 Na7 19. Ba4 Rc7 20. Rhc1 Rxc1
21. Rxc1 Ke7 22. Kd3 b5 23. Bb3 Rc8 24. Rxc8 Nxc8 25. e4 dxe4+ 26. Kxe4 Nb6 27.
d5 f5+ 28. Kd4 e5+ 29. Kd3 h6 30. f4 exf4 31. Bc3 g5 32. Bd4 Nd7 33. Bc2 Nf6
34. Bxf6+ Kxf6 35. Kd4 g4 36. Bd3 b6 37. Bxb5 Be5+ 38. Kd3 Bb2 39. Bc4 Bxa3 40.
Kc3 Bc1 41. d6 g3 42. hxg3 fxg3 43. Kd4 Ba3 44. d7 Ke7 45. d8=Q+ Kxd8 46. b5 f4
47. Be2 Ke7 48. Ke5 Bd6+ 49. Kf5 Kf7 50. Bh5+ Kg7 51. Bf3 Bc7 52. Bh5 Bd6 53.
Ke6 Bc5 54. Kf5 Be3 0-1

[Event "12. Obert Int. Sant Marti 2010 - B"]
[Site "Barcelona ESP"]
[Date "2010.07.16"]
[Round "4.9"]
[White "Poyato Ruiz, Fernando"]
[Black "Flores Linan, Josep Luis"]
[Result "1/2-1/2"]
[WhiteElo "1754"]
[BlackElo "1912"]
[PlyCount "85"]
[EventDate "2010.07.13"]
[EventType "swiss"]
[EventRounds "9"]
[EventCountry "ESP"]
[SourceTitle "Ajedrez en Madrid"]
[Source "lmi"]
[SourceDate "2010.07.13"]
[SourceVersion "1"]
[SourceVersionDate "2019.06.18"]
[SourceQuality "1"]

1. d4 Nf6 2. c4 g6 3. Nc3 Bg7 4. e4 d6 5. f4 O-O 6. Nf3 c5 7. d5 Na6 8. Bd3 Bd7
9. O-O Nc7 10. Bd2 a6 11. a4 b5 12. axb5 axb5 13. Rxa8 Qxa8 14. b3 Rb8 15. e5
Nfe8 16. Ne4 Bf5 17. Qc2 bxc4 18. bxc4 Qa6 19. Bc3 Qb6 20. Qd2 Bxe4 21. Rb1
Qxb1+ 22. Bxb1 Rxb1+ 23. Kf2 Na6 24. g4 Bxf3 25. Kxf3 Nb4 26. Kg2 Rb3 27. g5
Nc7 28. Bxb4 Rxb4 29. Qa2 Ne8 30. Qe2 Bf8 31. h4 Ng7 32. e6 fxe6 33. dxe6 Nf5
34. h5 Bg7 35. Qe4 Rxc4 36. Qa8+ Bf8 37. Qe8 Nh6 38. gxh6 Rxf4 39. hxg6 hxg6
40. Qxg6+ Kh8 41. h7 Bg7 42. Qe8+ Bf8 43. Qg6 1/2-1/2